| 000 | 00562nam a2200217 a 4500 | ||
|---|---|---|---|
| 999 |
_c2127 _d2127 |
||
| 007 | ta | ||
| 008 | 200213t2009 xxuad||g |||| 00| 0 eng d | ||
| 040 |
_aKO _beng |
||
| 041 | 0 | _aeng | |
| 044 | _axxu | ||
| 082 | 0 | 4 |
_223 _a338.954 _bW89317 |
| 110 | _aWorld Bank | ||
| 245 | 1 | 0 | _aSouth Asia: Shared Views on Development and Climate Change / |
| 260 |
_aWashington , D. C. : _bThe World Bank , _c2009 |
||
| 300 |
_a213 p. : _bill., Charts. ; _c29 cm. |
||
| 650 | 0 |
_aClimatic changes _vTextbooks |
|
| 651 | _yBK | ||
| 904 | _aReshma_R | ||
| 942 | _cBK | ||